| 000 | 01012nac a22003011i 4500 | ||
|---|---|---|---|
| 003 | EG-ScBUE | ||
| 005 | 20240417095546.0 | ||
| 008 | 240417s2000 ua f b 000 0 eng d | ||
| 020 | _a9774246225 | ||
| 040 |
_aEG-ScBUE _beng _erda _cEG-ScBUE _dEG-ScBUE |
||
| 043 |
_aaw----- _aa------ |
||
| 082 | 0 | 4 |
_a950 _bORI _222 |
| 245 | 0 | 0 |
_aOrientalism : _ba reader / _cedited by A. L. Macfie. |
| 264 | 1 |
_aCairo : _bThe American University in Cairo Press, _c2000. |
|
| 300 |
_ax, 382 pages ; _c25 cm |
||
| 336 |
_2rdacontent _atext _btxt |
||
| 337 |
_aunmediated _2rdamedia _bn |
||
| 338 |
_avolume _bnc _2rdacarrier |
||
| 504 | _aIncludes bibliographical references. | ||
| 650 | 7 |
_aOrientalism. _2BUEsh |
|
| 651 | 7 |
_aMiddle East _xStudy and teaching. _2BUEsh |
|
| 651 | 7 |
_aAsia _xStudy and teaching. _2BUEsh |
|
| 651 | 7 |
_aMiddle East _xForeign public opinion, Western. _2BUEsh |
|
| 651 | 7 |
_aAsia _xForeign public opinion, Western. _2BUEsh |
|
| 655 | _vReading book | ||
| 700 | 1 |
_aMacfie, A. L., _eeditor. |
|
| 942 |
_cBB _2ddc |
||
| 999 |
_c2583 _d2583 |
||